00805cam a22002411 4500001001300000003000400013005001700017008004100034010001700075035002000092040004500112042001200157050002500169082001200194110008100206245003600287260002400323300004500347490002500392650003400417810009500451999001700546sd 49000346 DLC20260227112735.0910426s1944 dcuab 000 0 eng c asd 49000346  a(OCoLC)23609379 aU.S. Dept. of State. LibrarycCSt-HdDLC apremarc00aUB250b.U33 no. 1844 a943.0861 aUnited States.bOffice of Strategic Services.bResearch and Analysis Branch.00aConcentration camps in Germany. a[Washington]c1944. avi l., 36 p.bfold. map, tables.c32 cm.1 aIts R & A,vno. 1844 0aConcentration campszGermany.1 aUnited States.bDepartment of State.bOffice of Intelligence Research.tR & A ;vno. 1844. c90013d90013